Normal view MARC view

Entry Personal Name

Number of records used in: 1

001 - CONTROL NUMBER

  • control field: 2267

003 - CONTROL NUMBER IDENTIFIER

  • control field: OSt

005 - DATE AND TIME OF LATEST TRANSACTION

  • control field: 20211028141354.0

008 - FIXED-LENGTH DATA ELEMENTS

  • fixed length control field: 211028|| aca||aabn | a|a d

040 ## - CATALOGING SOURCE

  • Original cataloging agency: OSt
  • Transcribing agency: OSt

100 ## - HEADING--PERSONAL NAME

  • Personal name: K Sreeja;Gunaseelan, A.
  • Miscellaneous information: 92184

670 ## - SOURCE DATA FOUND

  • Source citation: Work cat.: (OSt): K Sreeja;Gunaseelan, A. 92184, Asst management and device maintenance., 2003